Statistiques concernant They Shoot Pictures, Don't They? - films 1 à 20

Cliquez ici pour prendre le quiz!

Statistiques générales

  • Ce quiz a été pris 99 fois
  • Le résultat moyen est 11 sur 20

Statistiques - réponses

Réponse% Correct
2001, l'Odyssée de l'espace
92%
Apocalypse Now
88%
Le Parrain
79%
Chantons sous la pluie
77%
Citizen Kane
73%
Taxi Driver
70%
À bout de souffle
60%
La Passion de Jeanne d'Arc
59%
Sueurs froides
59%
In the Mood for Love
58%
Les sept samouraïs
56%
Le Cuirassé Potemkine
49%
Le Voleur de bicyclette
47%
La Prisonnière du désert
44%
Huit et demi
42%
Jeanne Dielman, 23, quai du Commerce, 1080 Bruxelles
41%
Persona
40%
Voyage à Tokyo
34%
La Règle du jeu
32%
L'Aurore
29%

Distribution des résultats

Percentile par nombre de réponses

% des personnes avec chaque résultat

Votre développement - résultats

Vous n’avez pas pris ce quiz